000 00789nam a2200241 a 4500
008 951212s1977||||[C 0 slo c
020 _c38 Kčs.
_q(8000 výtl.)
040 _aSNK
_bslo
_cSNK
_eAACR2
041 1 _aslo
_hrus
044 _axo
_cSK
080 _a882-3
100 1 _aMARKOV, Georgij Mokejevič
_4aut
245 1 0 _aSibír
_cGeorgij Mokejevič MARKOV ; Georgij Mokejevič Markov, Vladimír Žabkay, Ľubomír Feldek, Oto Takáč
250 _a1., vyd.
260 _aBratislava
_bPravda
_c1977
_eBratislava
_fPravda
300 _a616 s., 34,42 AH
_c20 cm
490 0 _aKnižnica laureátov Leninovej ceny
700 1 _aMarkov, Georgij Mokejevič
_4aut
700 1 _aŽabkay, Vladimír
_4trl
700 1 _aFeldek, Ľubomír
_4trl
700 1 _aTakáč, Oto
_4bkd
958 _aA
999 _c12133
_d12133